000 00202 a2200097 4500
001 32633
100 _aPandit, V L
245 _aBrezhnev
260 _aLondon
_bAndrea Deutsch
_c
090 _c21846
_d21846
942 _aNUST-CAE
_cM
_c13165
999 _c267706
_d267706